000 00790nam a2200253 a 4500
999 _c329517
_d329517
001 899914
003 NUST
005 20170511131142.0
008 820406s1982 paua 001 0 eng
010 _a 81053095
020 _a0030584329
040 _aDLC
_cDLC
_dDLC
050 0 0 _aQD33
_b.P44 1982
082 0 0 _a540 PET
_219
100 1 _aPeters, Edward I.
_9470
245 1 0 _aIntroduction to chemical principles /
_cEdward I. Peters.
250 _a3rd ed.
260 _aPhiladelphia :
_bSaunders College Pub.,
_cc1982.
300 _aviii, 654 p. :
_bill. (some col.) ;
_c25 cm.
490 0 _aSaunders golden sunburst series
500 _aIncludes index.
501 _aH.B
650 0 _aChemistry.
_9276
906 _a7
_bcbc
_corignew
_d2
_eocip
_f19
_gy-gencatlg
942 _2ddc
_cBK
_k540 PET